|
|
|
|
| LEADER |
00000nab a2200000 a 4500 |
| 001 |
vtls011632991 |
| 003 |
SK-MaSNL |
| 005 |
20260303170755.0 |
| 008 |
170526|2017 xo m| 000 02slo |
| 015 |
|
|
|a SNBRB2017/05
|
| 038 |
|
|
|a DSZK
|
| 040 |
|
|
|a DSZK
|b slo
|c DSZK
|e AACR2
|
| 041 |
0 |
|
|a slo
|a hun
|
| 044 |
|
|
|a xo
|c SK
|
| 080 |
|
|
|a 796.323.2-055.2
|x (437.612)
|2 2011
|
| 100 |
1 |
|
|a Duducz, Tibor
|4 ivr
|4 aut
|9 1108642
|
| 245 |
1 |
0 |
|a Bronz bol veľmi blízko
|b tréner šamorínskych basketbalistiek Tomáš Kačmarik
|c Tibor Duducz, Tomáš Kačmarík
|
| 300 |
|
|
|b Fotogr.
|
| 546 |
|
|
|a Dvojjazyčné vydanie
|
| 610 |
2 |
7 |
|a ŠBK Šamorín
|2 dszk
|9 1194104
|
| 650 |
0 |
7 |
|a basketbal
|2 SNKPH
|9 3290
|
| 650 |
0 |
7 |
|a ženy
|2 SNKPH
|9 4865
|
| 650 |
0 |
7 |
|a extraliga
|2 dszk
|9 18992
|
| 651 |
|
7 |
|a Šamorín (Slovensko)
|2 SNKPH
|9 28925
|
| 700 |
1 |
|
|a Kačmarik, Tomáš
|4 ive
|4 aut
|9 1194390
|
| 773 |
0 |
|
|t Šamorín a okolie=Somorja és vidéke
|g Roč. XXVII, č. 5 (2017), s. 10
|x 1338-9068
|
| 852 |
|
|
|a DSZK
|b KIS3GCP
|
| 958 |
|
|
|a SK
|
| 999 |
|
|
|c 2078613
|d 2080543
|